|
|
|
|
| LEADER |
01052naa a2200253 i 4500 |
| 001 |
acta54294 |
| 005 |
20230602111954.0 |
| 008 |
180711s2002 hu o 1|| hun d |
| 020 |
|
|
|a 978-963-306-001-8
|
| 040 |
|
|
|a SZTE Egyetemi Kiadványok Repozitórium
|b hun
|
| 041 |
|
|
|a hun
|
| 100 |
1 |
|
|a Alberti Gábor
|
| 245 |
1 |
2 |
|a A totális lexikalizmus elve és a GASG nyelvtan-modell
|h [elektronikus dokumentum] /
|c Alberti Gábor
|
| 260 |
|
|
|a Szegedi Tudományegyetem Általános Nyelvészeti Tanszék, Magyar Nyelvészeti Tanszék
|b Szeged
|c 2002
|
| 300 |
|
|
|a 193-218
|
| 490 |
0 |
|
|a A mai magyar nyelv leírásának újabb módszerei
|v 5
|
| 650 |
|
4 |
|a Bölcsészettudományok
|
| 650 |
|
4 |
|a Nyelvek és irodalom
|
| 695 |
|
|
|a Nyelvészet - magyar, Nyelvtudomány, Magyar nyelvtan
|
| 700 |
0 |
1 |
|a Balogh Kata
|e aut
|
| 700 |
0 |
1 |
|a Kleiber Judit
|e aut
|
| 700 |
0 |
1 |
|a Viszket Anita
|e aut
|
| 711 |
|
|
|a A mai magyar nyelv leírásásnak újabb módszerei (5.)
|c Szeged
|d 2001
|
| 856 |
4 |
0 |
|u http://acta.bibl.u-szeged.hu/54294/1/mai_magyar_nyelv_005_193-218.pdf
|z Dokumentum-elérés
|